| 000 | 00000nas##2200000za#4500 |
| 001 | 9.507324 |
| 003 | CaOODSP |
| 005 | 20200421173712 |
| 007 | cr ||||||||||| |
| 008 | 150406c2006||||xxc|| p o||||f| |0eng|d |
| 040 | |aCaOODSP|beng |
| 043 | |an-cn--- |
| 086 | 1 |aTU1-4E-PDF |
| 110 | 2 |aTransportation Safety Board of Canada. |
| 245 | 10|aAnnual report to Parliament on the management of the Access to Information Act and the Privacy Act |h[electronic resource] |
| 260 | |aOttawa - Ontario : |bTransportation Safety Board of Canada |
| 310 | |aAnnual |
| 362 | 1 |a[200-?] - 2006/2007 |
| 690 | 07|aAccess to information|2gcpds |
| 775 | 08|tRapport annuel au parlement sur la gestion de la Loi sur l'accès à l'information et de la Loi sur la protection des renseignements personnels |w(CaOODSP)9.503713 |
| 785 | 00|tAnnual report to Parliament on the application of the Access to Information Act. |w(CaOODSP)9.505853 |
| 785 | 00|tAnnual report to Parliament on the application of the Privacy Act.|w(CaOODSP)9.505858 |